Statistics for My 25 Favourite Star Wars Characters

Click here to take the quiz!

General Stats

  • This quiz has been taken 14 times
  • The average score is 16 of 25

Answer Stats

NumberAnswer% Correct
2Anakin Skywalker/Darth Vader
100%
3Luke Skywalker
100%
10Yoda
100%
5Emperor Palpatine
92%
1Han Solo
92%
8Obi-Wan Kenobi
92%
11C3PO
83%
20Count Dooku
83%
9Kylo Ren/Ben Solo
83%
6R2D2
83%
12Rey Skywalker
83%
18Finn
75%
7Chewbacca
67%
25Mace Windu
67%
13Lando Calrissian
58%
24Maul
58%
14Din Djarin
42%
21Grogu
42%
15Poe Dameron
42%
17Qui-Gon Jinn
42%
16BB-8
33%
19Ahsoka Tano
25%
22General Hux
8%
4Leia Organa
8%
23Plo Koon
0%

Score Distribution

Percentile by Number Answered

Percent of People with Each Score

Your Score History

You have not taken this quiz